000 00662nam a2200241Ia 4500
003 OSt
005 20220918222307.0
006 a|||||r|||| 00| 0
007 ta
008 220917b |||||||| |||| 00| 0 eng d
024 _a216,360
037 _cTextual
040 _aARTS
_cARTS
_beng
041 _2eng
_aeng
082 _aQ4:(Y:1), P1
100 _aDe Silva Lily
_972195
245 0 _aEssays on Buddhism culture and ecology
_b for peace and survival
260 _aSri
_bLanka Buddhist culture centre
_c2001
300 _a128p
_ccm.
650 _aRELIGION
942 _hQ4:(Y:1), P1
_cTEXL
_2CC
999 _c275101
_d275101